| 000 | 02535nam0a2200361 4500 | ||
|---|---|---|---|
| 001 | RU\NLR\BIBL_A\022763789 | ||
| 005 | 20260524045825.0 | ||
| 010 |
_a978-5-00279-026-5 _9500 |
||
| 021 |
_aRU _bКН-П-26-004267 _9КН-П-26-0403 |
||
| 035 | _a(NLR Aleph) 022763789 | ||
| 090 |
_a13712856 _c13712856 |
||
| 100 | _a20260324d2025 k y0rusy50 ca | ||
| 101 | 0 | _arus | |
| 102 | _aRU | ||
| 105 | _aa z 000yy | ||
| 181 | 0 |
_ai _baxxe |
|
| 182 | 0 | _an | |
| 200 | 1 |
_aЭкономика резильентных экосистем государственно-частных партнерств в здравоохранении: генеративный дизайн и достижение целей устойчивого развития. Деконструкция контрактной парадигмы государственно-частных партнерств в здравоохранении России: эмпирико-аналитическое исследование системных уязвимостей и стратегических функций _eмонография _fП. Л. Алтухов, С. Б. Ефимова, М. М. Ивашина, Т. В. Муравлева |
|
| 203 |
_aТекст _bвизуальный _cнепосредственный |
||
| 210 |
_aСаратов _cАмирит _d2025 |
||
| 215 |
_a310, [1] с. _cил., табл. _d21 |
||
| 300 | _aНа обороте тит. с. авт.: П. Л. Алтухов, канд. экон. наук, доц., С. Б. Ефимова, д-р экон. наук, проф., М. М. Ивашина, канд. экон. наук, доц., Т. В. Муравлева, д-р экон. наук, проф. | ||
| 320 | _aБиблиогр.: с. 224–231 (73 назв.) и в подстроч. примеч. | ||
| 606 | 1 |
_aЗдравоохранение _xГосударственно-частное партнерство _yРоссийская Федерация _92229886 _3RU\NLR\AUTH\6601571028 |
|
| 686 | 1 | _aР11(2)к | |
| 701 | 1 |
_aАлтухов _bП. Л. _gПавел Леонидович |
|
| 701 | 1 |
_7ca _8rus _aЕфимова _bС. Б. _cд-р экон. наук _f1970- _gСветлана Борисовна _9177839 _3RU\NLR\AUTH\770177890 |
|
| 701 | 1 |
_aИвашина _bМ. М. _gМария Михайловна |
|
| 701 | 1 |
_7ca _8rus _aМуравлева _bТ. В. _gТатьяна Витальевна _972018 _3RU\NLR\AUTH\7789090 |
|
| 942 | _cBOOK | ||
| 980 | _aNB | ||